1449 1758 1884 1952 1695 1124 1384 1706 1101 1958 1123 1703 1955 1055 1834 1197 1740 1780 1448 1200 1222 1567 1732 1647 1222 1012 1263 1161 1684 1438 1733 1800 1590 1095 1310 1180 1620 1140 1020 1184 1391 1588 1913 1873 1966 1113 1946 1171 1493 1574 1562 1336 1502 1533 1263 1766 1915 1308 1103 1422 1492 1768 1449 1974 1205 1746 1301 1950 1559 1325 1199 1477 1444 1941 1967 1616 1899 1897 1321 1290 1418 1293 1117 1522 1725 1498 1939 1038 1760 1930 1341 1184 1930 1588 1952 1778 1913 1089 1314 BCNSPRNW ULIB Ver.6.0+V

เปลี่ยนเป็นภาษาไทย

Change to English
 แสดงรายละเอียดบรรณานุกรม
  กลับหน้าหลัก

Brief Record : Get Marc (ISO 2709) : E-mail record : QR code < ปิดหน้าต่าง
LEADER : 00000nam 2200000uu 4500
001    13399126393
003     ULIB
008    020711s2561 th a 000 0 tha d
020    ^a9786167890593
060    ^aWS105^bน569ส
100    ^aนิดา ลิ้มสุวรรณ
245    ^aสมาธิสั้น...แต่ฉัน OK
250    ^aพิมพ์ครั้งที่ 1
260    ^aกรุงเทพฯ :^bพราว,^c2561
300    ^a119 หน้า;^b15 ซม.
650    ^aสมาธิสั้น
945    ^p129^l0^i004617
999    ^aประนอม เกษจรัล
รายการนี้ยังไม่มีแท็ก
คุณยังไม่ได้ล็อกอิน คุณสามารถมีกิจกรรมร่วมกับเว็บไซต์ได้ แต่ต้องล็อกอินก่อน ::
  ล็อกอิน

รายการสื่อสารสนเทศ

ลำดับที่ ประเภท เลขเรียก/บาร์โค้ด สถานที่ สถานะ
1. วิทยาศาสตร์การแพทย์ และสุขภาพ
หนังสือสำรอง
สถานะ=หนังสือสำรอง
WS105 น569ส ฉ.1 
  Barcode: 004617
ห้องสมุดวิทยาเขตสวรรค์ประชารักษ์
►หนังสือทั่วไป
บนชั้น

รายการใกล้เคียง
    ชื่อเรื่อง [สมาธิสั้น...แต่ฉัน OK]

    ผู้แต่ง [นิดา ลิ้มสุวรรณ]

    หัวเรื่อง [สมาธิสั้น]

BibComment


ยังไม่เคยถูกคอมเมนท์

คอมเมนท์ทรัพยากรรายการนี้
  คอมเมนท์: สมาธิสั้นแต่ฉัน OK


 Copyright 2026. Bcnsprnw @Library